[Event "VII Weekend A"]
[Site "Padova ITA"]
[Date "2004.12.18"]
[Round "4"]
[White "Cacco, Christian"]
[Black "Giancotti, Eraldo"]
[Result "1-0"]
[WhiteElo "2280"]
[BlackElo "2093"]
[PlyCount "107"]
[EventDate "2004.12.11"]

1. d4 Nf6 2. Nf3 g6 3. c4 Bg7 4. Nc3 O-O 5. e4 d6 6. Be2 Na6 7. O-O e5 8. Be3
Ng4 9. Bg5 Qe8 10. h3 exd4 11. Nxd4 Nf6 12. Bf3 Qe5 13. Be3 c6 14. Nde2 Be6 15.
b3 Rfd8 16. Qd2 Nc5 17. Bf4 Nfxe4 18. Bxe4 Nxe4 19. Bxe5 Nxd2 20. Bxg7 Kxg7 21.
Rfd1 Nxc4 22. bxc4 Bxc4 23. Nd4 d5 24. a4 c5 25. Ndb5 d4 26. Ne4 b6 27. Rdc1
Bb3 28. Nd2 Be6 29. a5 Bd7 30. Rab1 Bf5 31. Rb3 h5 32. Kf1 Rd7 33. Na3 Re7 34.
Nac4 bxa5 35. Nd6 Be6 36. Ra3 Rd7 37. N6c4 Rb8 38. Rxa5 Rc7 39. Ne5 Rb2 40.
Ndf3 c4 41. Nxd4 c3 42. Nxe6+ fxe6 43. Nd3 Rd2 44. Nc5 Kf7 45. Rxc3 Rd5 46.
Rf3+ Ke7 47. Nb3 Rc1+ 48. Nxc1 Rxa5 49. Ke1 e5 50. Kd2 Ke6 51. Rc3 Ra4 52. Nd3
Rd4 53. Ke3 a5 54. f4 1-0

[Event "VII Weekend A"]
[Site "Padova ITA"]
[Date "2004.12.18"]
[Round "4"]
[White "Cardili, Mariano"]
[Black "Boscolo, Marco"]
[Result "1/2-1/2"]
[WhiteElo "2023"]
[BlackElo "1993"]
[PlyCount "173"]
[EventDate "2004.12.11"]

1. d4 e6 2. c4 Nf6 3. Nc3 Bb4 4. e3 O-O 5. Nf3 d5 6. Bd3 Ne4 7. Bxe4 dxe4 8.
Nd2 f5 9. O-O Qg5 10. Qe2 Nd7 11. Nb5 Qd8 12. f4 a6 13. Nc3 c5 14. a3 Ba5 15.
Nb3 cxd4 16. exd4 Bc7 17. Be3 Nf6 18. Rfd1 Qe7 19. d5 exd5 20. cxd5 Bd6 21. Na4
Bd7 22. Nb6 Bb5 23. Qd2 Rae8 24. Rac1 Nd7 25. a4 Bd3 26. a5 Nxb6 27. axb6 Bb4
28. Qf2 Rc8 29. Nc5 Rfe8 30. Nxd3 exd3 31. Rxc8 Rxc8 32. Rxd3 Qd6 33. h3 Re8
34. Kh1 Re4 35. Qc2 Kf7 36. Qc7+ Re7 37. Qxd6 Bxd6 38. g3 Ke8 39. Kg2 Kd7 40.
Rc3 Re4 41. Kf3 Rb4 42. b3 g6 43. Ke2 Rb5 44. Rd3 Bb4 45. Bd2 Rxb6 46. Bxb4
Rxb4 47. Kd2 Kd6 48. Kc3 Rb5 49. Kc4 Rc5+ 50. Kb4 Rxd5 51. Re3 Kc6 52. Kc4 Rd6
53. h4 b5+ 54. Kb4 Kb6 55. Re7 a5+ 56. Kc3 h5 57. Re8 Kc5 58. Rc8+ Rc6 59. Re8
b4+ 60. Kb2 Kb5 61. Rb8+ Rb6 62. Rc8 Re6 63. Rb8+ Kc6 64. Rc8+ Kb7 65. Rg8 Rd6
66. Kc2 Kb6 67. Ra8 Kb5 68. Rb8+ Kc5 69. Ra8 Kd4 70. Rxa5 Rc6+ 71. Kb2 Rc3 72.
Rb5 Rxg3 73. Rxb4+ Kc5 74. Rc4+ Kb5 75. Rc7 Rg4 76. Rg7 Rxh4 77. Rxg6 Rxf4 78.
Rg8 h4 79. Rh8 Rg4 80. Rh5 Rf4 81. Kc3 Rf3+ 82. Kd2 Kb4 83. Ke2 Rf4 84. Ke3
Re4+ 85. Kf3 Re5 86. Rxh4+ Kxb3 87. Rh5 1/2-1/2

[Event "VII Weekend A"]
[Site "Padova ITA"]
[Date "2004.12.18"]
[Round "4"]
[White "Carini, Massimo"]
[Black "Gennari, Leone"]
[Result "1-0"]
[WhiteElo "2041"]
[BlackElo "2079"]
[PlyCount "87"]
[EventDate "2004.12.11"]

1. e4 e6 2. d4 d5 3. e5 c5 4. dxc5 Bxc5 5. Bd3 Nc6 6. Nf3 Nb4 7. Be2 Qc7 8. Nc3
a6 9. O-O Ne7 10. Bf4 Ng6 11. Bg3 O-O 12. Re1 Bd7 13. a3 Nc6 14. Bd3 b5 15. Ng5
Be7 16. Qh5 Bxg5 17. Qxg5 b4 18. Ne2 bxa3 19. bxa3 Nce7 20. h4 Bb5 21. h5 Bxd3
22. cxd3 h6 23. Rac1 Qa5 24. Qg4 Nh8 25. Bf4 Kh7 26. Rc3 Rac8 27. Rec1 Rxc3 28.
Rxc3 Rb8 29. Qf3 Rb2 30. Rc1 Qxa3 31. Rc7 Rb1+ 32. Bc1 Qb4 33. d4 Rb3 34. Nc3
Nf5 35. g4 Qa5 36. Rc5 Qa1 37. gxf5 Qxc1+ 38. Kh2 Qd2 39. fxe6 fxe6 40. Rc7 Qg5
41. Qd3+ Qf5 42. Qxf5+ exf5 43. Nxd5 Kg8 44. Ne7+ 1-0

[Event "VII Weekend A"]
[Site "Padova ITA"]
[Date "2004.12.18"]
[Round "4"]
[White "Cecchetto, Vanni"]
[Black "Guclu, Yaman"]
[Result "1-0"]
[WhiteElo "1989"]
[BlackElo "2026"]
[PlyCount "74"]
[EventDate "2004.12.11"]

1. Nf3 Nf6 2. c4 g6 3. Nc3 Bg7 4. e4 d6 5. d4 O-O 6. Be2 e5 7. O-O Nc6 8. d5
Ne7 9. Re1 Nd7 10. Bf1 f5 11. Ng5 Nf6 12. b4 a5 13. b5 b6 14. f3 Kh8 15. Ne6
Bxe6 16. dxe6 f4 17. Nd5 Re8 18. g3 fxg3 19. hxg3 c6 20. Nxe7 Qxe7 21. bxc6
Rac8 22. Bh3 Rxc6 23. Rb1 Nh5 24. Kh2 Bf6 25. Be3 Qc7 26. Re2 Ng7 27. Qd5 Rxc4
28. Rxb6 Rc2 29. Rxc2 Qxc2+ 30. Bg2 Be7 31. f4 Qe2 32. Rb3 a4 33. Rd3 Nxe6 34.
fxe5 Rb8 35. exd6 Rb2 36. Rd2 Rxd2 37. Bxd2 Qh5+ 1-0

[Event "VII Weekend A"]
[Site "Padova ITA"]
[Date "2004.12.18"]
[Round "4"]
[White "Dervishi, Erald"]
[Black "Salvador, Roland"]
[Result "0-1"]
[WhiteElo "2502"]
[BlackElo "2315"]
[PlyCount "142"]
[EventDate "2004.12.11"]

1. e4 c5 2. Nf3 Nc6 3. d4 cxd4 4. Nxd4 Nf6 5. Nc3 e5 6. Ndb5 d6 7. Bg5 a6 8.
Na3 b5 9. Nd5 Be7 10. Bxf6 Bxf6 11. c3 O-O 12. Nc2 Bg5 13. Be2 Be6 14. O-O Ne7
15. Ncb4 a5 16. Nxe7+ Qxe7 17. Nd5 Qb7 18. Qb3 Bxd5 19. exd5 Rab8 20. Rfd1 Rfc8
21. a4 b4 22. Bb5 bxc3 23. bxc3 Qc7 24. c4 e4 25. Re1 f5 26. Rad1 Rf8 27. Qa3
Rf6 28. Re2 Rh6 29. Rf1 Qf7 30. h3 Bf4 31. Qc3 Be5 32. Qe3 Rh4 33. f4 exf3 34.
Qxf3 Rf4 35. Qe3 Bd4 36. Rxf4 Bxe3+ 37. Rxe3 g5 38. Rf2 Qg7 39. Ree2 Qd4 40.
Kh2 Rf8 41. Rf1 h5 42. Re6 g4 43. Rfe1 Qf4+ 44. Kh1 h4 45. c5 gxh3 46. gxh3
Qf3+ 47. Kh2 Qg3+ 48. Kh1 Qxh3+ 49. Kg1 Qg3+ 50. Kh1 Qh3+ 51. Kg1 f4 52. Rg6+
Kh7 53. Ree6 Rg8 54. Rxg8 Kxg8 55. cxd6 f3 56. Kf2 Qg3+ 57. Ke3 f2+ 58. Kd4
f1=Q 59. Bxf1 Qf2+ 60. Ke5 Qe1+ 61. Kf6 Qxf1+ 62. Ke7 h3 63. Rg6+ Kh7 64. Rf6
Qe1+ 65. Kf8 Qh4 66. Rf7+ Kg6 67. Rg7+ Kh6 68. Re7 Qf6+ 69. Ke8 Qxd6 70. Re6+
Qxe6+ 71. dxe6 h2 0-1

[Event "VII Weekend A"]
[Site "Padova ITA"]
[Date "2004.12.18"]
[Round "4"]
[White "Guerra, Alessandro"]
[Black "Bracaglia, Carlo"]
[Result "1-0"]
[WhiteElo "2197"]
[BlackElo "2169"]
[PlyCount "53"]
[EventDate "2004.12.11"]

1. d4 Nf6 2. Nf3 c5 3. Nc3 cxd4 4. Nxd4 Nc6 5. Bg5 Qa5 6. Bxf6 gxf6 7. Nb3 Qe5
8. g3 e6 9. f4 Qb8 10. e4 a6 11. Qh5 b5 12. O-O-O Bb4 13. Qh6 Bxc3 14. bxc3 Ke7
15. Bg2 Qb6 16. Rhe1 e5 17. fxe5 Nxe5 18. Nd4 d6 19. Rf1 Ng4 20. Qf4 Qc5 21. h3
Ne5 22. Qxf6+ Kd7 23. Qxh8 Qxc3 24. Qxe5 Qa1+ 25. Kd2 Qxd1+ 26. Kxd1 dxe5 27.
Nb3 1-0

[Event "VII Weekend A"]
[Site "Padova ITA"]
[Date "2004.12.18"]
[Round "4"]
[White "Navarro, Stefano"]
[Black "Lain, Luigi"]
[Result "1-0"]
[WhiteElo "2177"]
[BlackElo "2262"]
[PlyCount "83"]
[EventDate "2004.12.11"]

1. e4 e5 2. Nf3 Nc6 3. c3 Nf6 4. d4 exd4 5. e5 Ne4 6. cxd4 Bb4+ 7. Nbd2 d6 8.
Bd3 Bf5 9. Bxe4 Bxe4 10. O-O Bd5 11. exd6 Bxd6 12. Re1+ Be7 13. Ne4 O-O 14. Bf4
Re8 15. Nc3 Bc4 16. a3 Bf6 17. Rxe8+ Qxe8 18. Qa4 Be6 19. d5 Bxc3 20. dxc6 Bxb2
21. Rb1 b5 22. Qxb5 Bxa3 23. Bxc7 Rc8 24. Qb7 Bc5 25. Re1 Qe7 26. Bg3 Qe8 27.
c7 h6 28. Rd1 Bb6 29. h3 Kh7 30. Qe4+ Kg8 31. Qc2 Qe7 32. Bd6 Qf6 33. Be5 Qe7
34. Bd6 Qf6 35. Be5 Qf5 36. Qc3 f6 37. Bg3 Bd5 38. Nh4 Qe4 39. Re1 Qc4 40. Qxc4
Bxc4 41. Nf5 Kh7 42. Ne7 1-0

[Event "VII Weekend A"]
[Site "Padova ITA"]
[Date "2004.12.18"]
[Round "4"]
[White "Quaranta, Cristiano"]
[Black "Ricci, Alfredo"]
[Result "1/2-1/2"]
[WhiteElo "2091"]
[BlackElo "2000"]
[PlyCount "112"]
[EventDate "2004.12.11"]

1. d4 Nf6 2. Bg5 c6 3. Bxf6 exf6 4. c4 g6 5. Nc3 d6 6. g3 Bg7 7. Bg2 O-O 8. e3
Qb6 9. Qd2 Nd7 10. Nge2 f5 11. O-O Re8 12. Qc2 Nf6 13. Na4 Qd8 14. b4 Bd7 15.
Nac3 Ng4 16. a4 Qg5 17. Nf4 Qh6 18. h3 Nxe3 19. fxe3 Rxe3 20. Nfe2 g5 21. Nd1
Re7 22. Ra2 Rae8 23. Qd3 Qh5 24. Rf3 g4 25. Nf4 Qh6 26. hxg4 fxg4 27. Rff2 Qg5
28. Rae2 h5 29. Rxe7 Rxe7 30. Re2 h4 31. Rxe7 Qxe7 32. Ne2 hxg3 33. Nxg3 Qe1+
34. Kh2 Qxb4 35. Nc3 Be6 36. Bf1 d5 37. cxd5 cxd5 38. Nge2 Qe7 39. Bg2 Qh4+ 40.
Kg1 g3 41. Nb5 a6 42. Nc7 Bh3 43. Qxg3 Qxg3 44. Nxg3 Bxd4+ 45. Kh2 Bd7 46. Nxd5
Bxa4 47. Ne7+ Kf8 48. Nef5 Be5 49. Bxb7 Bd7 50. Kg2 a5 51. Ne3 a4 52. Bd5 a3
53. Ba2 f5 54. Ngxf5 Bc6+ 55. Kf2 Be4 56. Nc4 Bb2 1/2-1/2

[Event "VII Weekend A"]
[Site "Padova ITA"]
[Date "2004.12.18"]
[Round "4"]
[White "Renier, Renzo"]
[Black "Belloni, Umberto"]
[Result "1-0"]
[WhiteElo "1987"]
[BlackElo "1950"]
[PlyCount "118"]
[EventDate "2004.12.11"]

1. e4 e6 2. d4 d5 3. Nc3 Nf6 4. Bg5 Be7 5. e5 Ng8 6. Bxe7 Nxe7 7. Bd3 Nd7 8.
Nf3 g6 9. O-O Nf5 10. Ne2 c6 11. Qd2 Qe7 12. Nf4 Ng7 13. Ne2 h6 14. c4 Nb6 15.
c5 Nd7 16. b4 Nb8 17. Rab1 g5 18. g3 a6 19. a4 Nd7 20. Rfc1 Nf5 21. Ra1 g4 22.
Ne1 h5 23. Bxf5 exf5 24. Ng2 Nf8 25. Nef4 Ne6 26. Nxe6 Bxe6 27. b5 h4 28. Nxh4
Kf8 29. bxc6 bxc6 30. Rab1 Kg7 31. Rc3 Rh5 32. Rb6 Bd7 33. Rcb3 Rah8 34. Rb7
Rxh4 35. gxh4 Qxh4 36. Rxd7 Qxh2+ 37. Kf1 Qh1+ 38. Ke2 Qh5 39. Rg3 Qg6 40. Qf4
Rb8 41. e6 Qxe6+ 42. Qe5+ Qxe5+ 43. dxe5 Re8 44. f4 Kg6 45. Rd6+ Kg7 46. Rxc6
Rh8 47. Rxa6 Rh2+ 48. Kf1 Rc2 49. Ra5 Rc4 50. c6 Rxf4+ 51. Kg2 Rc4 52. Rxd5
Rc2+ 53. Kf1 Rxc6 54. Rgd3 Re6 55. a5 Ra6 56. Rb3 f4 57. Rb6 Ra8 58. a6 g3 59.
Kg2 59... Ra7 $139 1-0

[Event "VII Weekend A"]
[Site "Padova ITA"]
[Date "2004.12.18"]
[Round "4"]
[White "Zarpellon, Daniel"]
[Black "Roberti, Ignazio"]
[Result "1-0"]
[WhiteElo "1985"]
[BlackElo "1960"]
[PlyCount "67"]
[EventDate "2004.12.11"]

1. Nf3 Nf6 2. d4 c5 3. d5 e6 4. c4 exd5 5. cxd5 d6 6. Nc3 g6 7. e4 Bg7 8. Bc4
O-O 9. O-O b6 10. Bg5 h6 11. Bd2 Ba6 12. Qa4 Bxc4 13. Qxc4 a6 14. a4 Nbd7 15.
Bf4 Qc7 16. h3 Rfe8 17. Rfe1 Nh5 18. Bh2 Ne5 19. Nxe5 Bxe5 20. Bxe5 Rxe5 21.
Re3 Kg7 22. Ne2 b5 23. Qc2 Rae8 24. axb5 axb5 25. Nd4 Nf6 26. Rae1 Qd7 27. Nc6
Rh5 28. f4 g5 29. f5 Rh4 30. b3 Nh5 31. Ra1 Nf4 32. Qb2+ Kg8 33. Ra7 Qc8 34.
Qf6 1-0

[Event "VII Weekend A"]
[Site "Padova ITA"]
[Date "2004.12.19"]
[Round "5"]
[White "Boscolo, Marco"]
[Black "Carini, Massimo"]
[Result "1/2-1/2"]
[WhiteElo "1993"]
[BlackElo "2041"]
[PlyCount "97"]
[EventDate "2004.12.11"]

1. e4 e5 2. Nf3 Nf6 3. Nxe5 d6 4. Nf3 Nxe4 5. d4 d5 6. Bd3 Be7 7. O-O Nc6 8. c4
Nf6 9. h3 O-O 10. Nc3 Nb4 11. Be2 dxc4 12. Bxc4 Nbd5 13. Bg5 Nb6 14. Bb3 Nfd5
15. Bxe7 Nxe7 16. Qd2 Ned5 17. Rad1 c6 18. Ne5 Be6 19. f4 f5 20. Rfe1 Qf6 21.
Nxd5 Bxd5 22. Bxd5+ cxd5 23. Rc1 Rac8 24. b3 Qd6 25. Qb2 Qb4 26. Nd3 Qd6 27.
Ne5 Qb4 28. a3 Qd6 29. Rxc8 Rxc8 30. Rc1 Rc7 31. Kf2 Nd7 32. Rxc7 Qxc7 33. Nxd7
Qxd7 34. Qc3 Kf7 35. g3 b6 36. a4 a5 37. h4 g6 38. Qe3 Qc6 39. Kg2 Qc2+ 40. Kg1
Qb1+ 41. Kh2 Qc2+ 42. Kg1 Qb1+ 43. Kh2 Qe4 44. Qc3 Qe2+ 45. Kg1 Kg7 46. Qc7+
Kh6 47. Qd8 Qe3+ 48. Kg2 Qe4+ 49. Kh2 1/2-1/2

[Event "VII Weekend A"]
[Site "Padova ITA"]
[Date "2004.12.19"]
[Round "5"]
[White "Bracaglia, Carlo"]
[Black "Quaranta, Cristiano"]
[Result "1-0"]
[WhiteElo "2169"]
[BlackElo "2091"]
[PlyCount "39"]
[EventDate "2004.12.11"]

1. e4 c5 2. Nf3 d6 3. d4 cxd4 4. Nxd4 Nf6 5. Nc3 a6 6. Bc4 e6 7. Bb3 b5 8. f4
Bb7 9. O-O Be7 10. Be3 b4 11. Na4 Bxe4 12. c3 Nd5 13. Bxd5 Bxd5 14. Nf5 Nd7 15.
Qd4 f6 16. Nxg7+ Kf7 17. f5 Ne5 18. Nxe6 Bxe6 19. fxe6+ Kxe6 20. Nb6 1-0

[Event "VII Weekend A"]
[Site "Padova ITA"]
[Date "2004.12.19"]
[Round "5"]
[White "Gennari, Leone"]
[Black "Renier, Renzo"]
[Result "0-1"]
[WhiteElo "2079"]
[BlackElo "1987"]
[PlyCount "58"]
[EventDate "2004.12.11"]

1. d4 Nf6 2. c4 g6 3. Nc3 d5 4. Nf3 Bg7 5. Bf4 O-O 6. e3 c5 7. dxc5 Qa5 8. Qd2
dxc4 9. Bxc4 Rd8 10. Qc2 Nd5 11. Be5 Be6 12. Bxg7 Kxg7 13. O-O Nxe3 14. fxe3
Bxc4 15. Rf2 Nc6 16. b3 Bd3 17. Qb2 f6 18. Na4 Rd5 19. Rd1 Rad8 20. Rfd2 e5 21.
Qc1 e4 22. Ne1 Ne5 23. h3 Qc7 24. a3 Rc8 25. Qc3 b5 26. Nb2 Rxc5 27. Qb4 a5 28.
Nexd3 axb4 29. Nxe5 Qxe5 0-1

[Event "VII Weekend A"]
[Site "Padova ITA"]
[Date "2004.12.19"]
[Round "5"]
[White "Giancotti, Eraldo"]
[Black "Zarpellon, Daniel"]
[Result "1-0"]
[WhiteElo "2093"]
[BlackElo "1985"]
[PlyCount "79"]
[EventDate "2004.12.11"]

1. d4 d5 2. c4 c6 3. cxd5 cxd5 4. Nf3 Nf6 5. Nc3 Nc6 6. Bg5 Qa5 7. Bxf6 gxf6 8.
Qb3 Qb4 9. Qxb4 Nxb4 10. Rc1 Be6 11. a3 Nc6 12. e3 Bh6 13. g3 Bg4 14. Bg2 Bxf3
15. Bxf3 e6 16. O-O Kd7 17. Rc2 Rac8 18. Be2 Na5 19. Bb5+ Ke7 20. Rfc1 Nc6 21.
Na4 Kd6 22. Nc5 Kc7 23. b4 Kb6 24. Be2 a6 25. Nd7+ Ka7 26. a4 Rcd8 27. Nxf6
Nxd4 28. exd4 Bxc1 29. Rxc1 Rc8 30. Rxc8 Rxc8 31. Nxh7 Rc1+ 32. Kg2 Ra1 33. b5
a5 34. Nf6 Rxa4 35. h4 Rxd4 36. h5 a4 37. h6 a3 38. h7 a2 39. h8=Q a1=Q 40. Nd7
1-0

[Event "VII Weekend A"]
[Site "Padova ITA"]
[Date "2004.12.19"]
[Round "5"]
[White "Giuriati, Paolo"]
[Black "Roberti, Ignazio"]
[Result "1-0"]
[WhiteElo "2190"]
[BlackElo "1960"]
[PlyCount "83"]
[EventDate "2004.12.11"]

1. d4 Nf6 2. Bf4 g6 3. Nf3 Bg7 4. e3 d6 5. h3 Na6 6. Be2 c6 7. O-O O-O 8. Nbd2
d5 9. c4 Nc7 10. Qb3 Ne6 11. Bh2 Qb6 12. c5 Qxb3 13. axb3 Ne4 14. Nxe4 dxe4 15.
Nd2 f5 16. Ra4 Rd8 17. Nc4 Bd7 18. Rfa1 a6 19. Nb6 Ra7 20. Bc4 Kf7 21. Bc7 Raa8
22. Rb4 Ke8 23. Nxa8 Rxa8 24. Bxe6 Bxe6 25. Rxb7 Bd5 26. Rb8+ Rxb8 27. Bxb8
Bxb3 28. Rxa6 Bd5 29. Ra7 Bf6 30. Be5 Bxe5 31. dxe5 Kf7 32. Kf1 h5 33. h4 Ke6
34. Kg1 Bc4 35. Kh2 Kxe5 36. Rxe7+ Kf6 37. Rd7 Bb5 38. Rd6+ Kg7 39. Kg3 Kh6 40.
Kf4 Ba4 41. g3 Bb5 42. b3 1-0

[Event "VII Weekend A"]
[Site "Padova ITA"]
[Date "2004.12.19"]
[Round "5"]
[White "Guclu, Yaman"]
[Black "Belloni, Umberto"]
[Result "1-0"]
[WhiteElo "2026"]
[BlackElo "1950"]
[PlyCount "111"]
[EventDate "2004.12.11"]

1. d4 d5 2. c4 c6 3. Nc3 e6 4. Nf3 f5 5. a3 Nf6 6. Bf4 Bd6 7. Bxd6 Qxd6 8. e3
Ne4 9. Bd3 O-O 10. Ne5 Qe7 11. O-O Nd7 12. f4 Nxe5 13. fxe5 Bd7 14. Qe2 Rac8
15. Bxe4 fxe4 16. Rxf8+ Rxf8 17. Rf1 b6 18. b4 Rxf1+ 19. Qxf1 a5 20. Qb1 axb4
21. axb4 Qg5 22. Qe1 b5 23. cxb5 cxb5 24. Na2 Qd8 25. Nc1 Be8 26. Nb3 Bf7 27.
Nc5 Qc8 28. h3 Qe8 29. Nb7 Qe7 30. Nd6 Be8 31. Kh2 h6 32. Qc3 Qd7 33. Qc5 Qc6
34. Qa7 Bg6 35. Qe7 Qc1 36. Qxe6+ Kh7 37. Nf5 Qf1 38. Ne7 Bf7 39. Qf5+ Qxf5 40.
Nxf5 Be8 41. Nd6 Bd7 42. Kg3 g5 43. h4 Kg6 44. e6 Bxe6 45. Nxb5 Kf6 46. Nc7 Bc8
47. Nxd5+ Ke6 48. Nc3 Kf5 49. b5 Bb7 50. b6 Kf6 51. d5 Ke5 52. hxg5 hxg5 53.
Kg4 Kf6 54. Nxe4+ Ke5 55. Nc3 Kf6 56. e4 1-0

[Event "VII Weekend A"]
[Site "Padova ITA"]
[Date "2004.12.19"]
[Round "5"]
[White "Lain, Luigi"]
[Black "Cecchetto, Vanni"]
[Result "1-0"]
[WhiteElo "2262"]
[BlackElo "1989"]
[PlyCount "119"]
[EventDate "2004.12.11"]

1. d4 Nf6 2. c4 c5 3. d5 e6 4. Nc3 exd5 5. cxd5 d6 6. e4 g6 7. Bg5 a6 8. a4 Bg7
9. Nf3 h6 10. Bh4 g5 11. Bg3 Nh5 12. Nd2 Nxg3 13. hxg3 Nd7 14. Be2 O-O 15. Qc2
Qf6 16. Nd1 Ne5 17. Ne3 b6 18. O-O Ng6 19. Rab1 Rb8 20. b4 cxb4 21. Rxb4 Qc3
22. Rb3 Qxc2 23. Nxc2 Bd7 24. Ra3 Rfc8 25. Ne3 b5 26. axb5 axb5 27. Rb1 Bc3 28.
Ndc4 b4 29. Ra7 Bb5 30. Kf1 Bd4 31. Ra5 Bxc4 32. Nxc4 Bc5 33. Ra6 Ra8 34. Nxd6
Rxa6 35. Bxa6 Ra8 36. Nb7 Bf8 37. Bb5 Rb8 38. Bc6 Ne5 39. Na5 Nxc6 40. Nxc6 Rb5
41. Ke2 Rc5 42. Rxb4 Rc2+ 43. Kd3 Rxf2 44. Rb8 Rxg2 45. Ne7+ Kg7 46. Nf5+ Kf6
47. Rxf8 Ra2 48. Re8 Ra3+ 49. Kd4 Ra4+ 50. Kc5 Ra1 51. Nxh6 Rc1+ 52. Kd4 Rd1+
53. Ke3 Kg6 54. Nf5 Kf6 55. Kf3 Rd3+ 56. Kg4 Rd2 57. e5+ Kg6 58. Rg8+ Kh7 59.
Rg7+ Kh8 60. d6 1-0

[Event "VII Weekend A"]
[Site "Padova ITA"]
[Date "2004.12.19"]
[Round "5"]
[White "Navarro, Stefano"]
[Black "Dervishi, Erald"]
[Result "1/2-1/2"]
[WhiteElo "2177"]
[BlackElo "2502"]
[PlyCount "64"]
[EventDate "2004.12.11"]

1. e4 e5 2. Nf3 Nc6 3. c3 Nf6 4. d4 d6 5. Nbd2 Be7 6. Bb5 exd4 7. cxd4 O-O 8.
O-O a6 9. Bxc6 bxc6 10. Re1 Re8 11. Qc2 Bd7 12. Nb3 Qb8 13. Bd2 h6 14. h3 Bf8
15. Na5 Rxe4 16. Nxc6 Qb5 17. Na5 Rxe1+ 18. Rxe1 Rc8 19. Re3 Nd5 20. Rb3 Qe2
21. Qc4 Qxc4 22. Nxc4 Bb5 23. Ne3 Nf4 24. d5 Ne2+ 25. Kh2 Be7 26. Rb4 h5 27. a4
Bd3 28. Nd4 Bf6 29. Nc6 Re8 30. Rb7 Be4 31. a5 Nf4 32. Nb4 Bd4 1/2-1/2

[Event "VII Weekend A"]
[Site "Padova ITA"]
[Date "2004.12.19"]
[Round "5"]
[White "Ricci, Alfredo"]
[Black "Cardili, Mariano"]
[Result "1/2-1/2"]
[WhiteElo "2000"]
[BlackElo "2023"]
[PlyCount "91"]
[EventDate "2004.12.11"]

1. e4 c6 2. c4 d5 3. cxd5 cxd5 4. exd5 Nf6 5. Nc3 Nxd5 6. d4 e6 7. Nf3 Bb4 8.
Bd2 O-O 9. Bd3 Nf6 10. a3 Be7 11. O-O Nc6 12. Ne2 b6 13. Bc3 Bb7 14. Nf4 Qd6
15. Qd2 Rfd8 16. Rad1 Nd5 17. Nxd5 Qxd5 18. Rfe1 Bf6 19. Be4 Qh5 20. Qf4 Na5
21. h4 Bxe4 22. Qxe4 Qd5 23. Bxa5 Qxa5 24. Rc1 Qd5 25. Rc7 Qxe4 26. Rxe4 Rd5
27. Ne5 Bxe5 28. dxe5 a5 29. Rb7 b5 30. f4 Rc8 31. Re2 h5 32. Kf2 Rc4 33. Ke3
Rc1 34. Rd2 Re1+ 35. Re2 Rh1 36. Rc2 Rxh4 37. Rc8+ Kh7 38. Rxf7 Rg4 39. Ke4 Rd2
40. Rc6 Rgxg2 41. Rxe6 h4 42. Rf5 g6 43. Rf7+ Kh6 44. Re8 Kh5 45. Rg7 Rge2+ 46.
Kf3 1/2-1/2

[Event "VII Weekend A"]
[Site "Padova ITA"]
[Date "2004.12.19"]
[Round "5"]
[White "Salvador, Roland"]
[Black "Guerra, Alessandro"]
[Result "1/2-1/2"]
[WhiteElo "2315"]
[BlackElo "2197"]
[PlyCount "95"]
[EventDate "2004.12.11"]

1. d4 Nf6 2. Nf3 d6 3. Nc3 Bg4 4. h3 Bh5 5. g4 Bg6 6. Bg2 c6 7. Bf4 Nbd7 8. Nh4
e5 9. Bg3 Qb6 10. Nxg6 hxg6 11. dxe5 Qxb2 12. Na4 Qa3 13. exf6 Qxa4 14. Rb1 Nb6
15. Qd2 Qxa2 16. O-O gxf6 17. Rb3 Be7 18. Qe3 Kf8 19. g5 Qxc2 20. gxf6 Bxf6 21.
Rc1 Qf5 22. Bxd6+ Kg7 23. Rc5 Qe6 24. Qxe6 fxe6 25. Bc7 Bd4 26. Rg5 Rhf8 27. e3
Bf6 28. Rg4 Bd8 29. Bd6 Rg8 30. Be4 Kf7 31. Bb1 Be7 32. Bc7 Bc5 33. e4 Ke7 34.
Bf4 Bd4 35. e5 c5 36. Be4 Rab8 37. Rh4 Rh8 38. Rg4 Nd5 39. Bxd5 exd5 40. Rxg6
b5 41. Bg5+ Kf7 42. Rf6+ Kg7 43. Ra6 Bxe5 44. Re3 Bd4 45. Re7+ Kg8 46. Bf4 Rb6
47. Raxa7 Rg6+ 48. Kf1 1/2-1/2

[Event "VII Weekend A"]
[Site "Padova ITA"]
[Date "2004.12.19"]
[Round "6"]
[White "Belloni, Umberto"]
[Black "Gennari, Leone"]
[Result "0-1"]
[WhiteElo "1950"]
[BlackElo "2079"]
[PlyCount "112"]
[EventDate "2004.12.11"]

1. d4 Nf6 2. f4 d5 3. Nf3 Bf5 4. e3 h6 5. Bd3 Bxd3 6. Qxd3 e6 7. O-O Nbd7 8.
Nbd2 Be7 9. c3 O-O 10. Ne5 c5 11. a3 Qb6 12. Kh1 cxd4 13. exd4 Qc7 14. Rf3 Ne8
15. Rh3 Nd6 16. Nxd7 Qxd7 17. Nf3 Ne4 18. Be3 Bd6 19. Rf1 f5 20. Ne5 Qe8 21.
Qe2 Kh7 22. g4 g6 23. Rh4 Be7 24. g5 h5 25. Rg1 Kg7 26. Rh3 Bd6 27. Nd3 Rh8 28.
Ne5 Bxe5 29. dxe5 Qc6 30. Bd4 b6 31. Rf1 Rac8 32. Rff3 Qc4 33. Qxc4 Rxc4 34.
Rd3 Rhc8 35. Kg2 R4c6 36. Rhf3 a6 37. Rf1 b5 38. Ra1 a5 39. Kf3 Kf7 40. h4 Ke7
41. Rdd1 Kd7 42. Ra2 R8c7 43. Rda1 Nd2+ 44. Ke3 Nb3 45. Rd1 Rc4 46. Kd3 Ra4 47.
Be3 Re4 48. Rf1 Rcc4 49. Kc2 a4 50. Kd3 Kc6 51. Rd1 d4 52. cxd4 Nxd4 53. Rc1
Rxc1 54. Bxc1 Ne2 55. Ra1 Nxf4+ 56. Bxf4 Rxf4 0-1

[Event "VII Weekend A"]
[Site "Padova ITA"]
[Date "2004.12.19"]
[Round "6"]
[White "Boscolo, Marco"]
[Black "Ricci, Alfredo"]
[Result "1-0"]
[WhiteElo "1993"]
[BlackElo "2000"]
[PlyCount "141"]
[EventDate "2004.12.11"]

1. e4 c5 2. Nf3 e6 3. c4 d6 4. d4 cxd4 5. Nxd4 Nf6 6. Nc3 a6 7. Be2 Qc7 8. O-O
b6 9. b3 Bb7 10. f3 Nbd7 11. Bb2 d5 12. cxd5 exd5 13. Nxd5 Nxd5 14. exd5 Bd6
15. h3 O-O 16. Nf5 Be5 17. Rc1 Qd8 18. Bxe5 Nxe5 19. f4 Ng6 20. Qd4 f6 21. Bf3
Qd7 22. Ne3 Qd6 23. Nc4 Qxf4 24. Qxf4 Nxf4 25. Nxb6 Rad8 26. Rcd1 Rfe8 27. d6
Ne2+ 28. Bxe2 Rxe2 29. Rf2 Rxf2 30. Kxf2 Kf7 31. Na4 Bc6 32. Nc5 a5 33. a3 f5
34. g3 Kf6 35. Ke3 Ke5 36. d7 g5 37. Rd4 h6 38. b4 axb4 39. axb4 Bb5 40. h4 Bc6
41. Rd2 Bb5 42. Rf2 Bc6 43. Ra2 Kd5 44. Ra6 Bxd7 45. Nxd7 Rxd7 46. Rxh6 Re7+
47. Kf3 gxh4 48. Rxh4 Ke5 49. b5 Rb7 50. Rb4 Rb6 51. Ke3 Kd5 52. Kf4 Ke6 53.
Rb3 Kf6 54. Rb2 Ke6 55. Re2+ Kf6 56. Re5 Rd6 57. Rxf5+ Kg6 58. Rc5 Rd4+ 59. Kf3
Rb4 60. g4 Kf6 61. Kg3 Rb1 62. g5+ Kg6 63. Kf4 Rb4+ 64. Ke3 Kh5 65. Kd3 Kg6 66.
Kc3 Rb1 67. Kd4 Kh5 68. Kd5 Kxg5 69. Kc6+ Kf6 70. b6 Ke7 71. Kc7 1-0

[Event "VII Weekend A"]
[Site "Padova ITA"]
[Date "2004.12.19"]
[Round "6"]
[White "Bracaglia, Carlo"]
[Black "Giuriati, Paolo"]
[Result "0-1"]
[WhiteElo "2169"]
[BlackElo "2190"]
[PlyCount "90"]
[EventDate "2004.12.11"]

1. e4 c6 2. d4 d5 3. e5 Na6 4. c3 Nc7 5. Bd3 g6 6. Ne2 h5 7. Nf4 Ne6 8. Nxg6
fxg6 9. Bxg6+ Kd7 10. Bxh5 Bh6 11. Bg4 Kc7 12. Bxe6 Bxe6 13. f4 Qd7 14. Be3 Rf8
15. Qd2 Bg7 16. Na3 Nh6 17. O-O-O Ng4 18. g3 Rh3 19. Rde1 Rfh8 20. Re2 Rxg3 21.
f5 Rxe3 22. fxe6 Rxe2 23. Qxe2 Qxe6 24. Nc2 Qf5 25. Kb1 Rxh2 26. Rxh2 Nxh2 27.
Qxh2 Qf1+ 28. Ne1 Qxe1+ 29. Kc2 a6 30. Qh5 Qf2+ 31. Kb3 Qf8 32. Qg6 Bh6 33. Qe6
Bc1 34. a4 a5 35. Kc2 Bh6 36. Kb3 Bg7 37. Ka3 Qd8 38. Qg6 Bf8 39. Kb3 Qc8 40.
Qf7 Kb8 41. Ka2 e6 42. Qf6 c5 43. Kb1 cxd4 44. cxd4 Bb4 45. Qg6 Qc6 0-1

[Event "VII Weekend A"]
[Site "Padova ITA"]
[Date "2004.12.19"]
[Round "6"]
[White "Cacco, Christian"]
[Black "Dervishi, Erald"]
[Result "0-1"]
[WhiteElo "2280"]
[BlackElo "2502"]
[PlyCount "95"]
[EventDate "2004.12.11"]

1. d4 Nf6 2. Nf3 e6 3. c4 d5 4. Bg5 Be7 5. Nc3 O-O 6. Qc2 h6 7. Bh4 b6 8. cxd5
exd5 9. e3 Bb7 10. Bd3 Nbd7 11. O-O c5 12. Rfe1 a6 13. dxc5 bxc5 14. Rad1 Qc7
15. Ne2 Bd6 16. Bg3 Bxg3 17. hxg3 Rfd8 18. Rc1 Qa5 19. a3 Rac8 20. Qc3 Qb6 21.
b4 Ne4 22. Bxe4 dxe4 23. Ne5 Nxe5 24. Qxe5 cxb4 25. axb4 Rxc1 26. Rxc1 Qxb4 27.
Nd4 Qd6 28. Qa5 g6 29. Rb1 Rd7 30. Rc1 Kh7 31. Nb3 Re7 32. Qc5 Qxc5 33. Rxc5
Rd7 34. g4 Kg7 35. Kh2 Bd5 36. Nd2 Be6 37. Nxe4 Bxg4 38. Ra5 Be2 39. Kg3 Bb5
40. Nc5 Rd6 41. f3 Rd2 42. Nxa6 Bf1 43. Ra1 Rxg2+ 44. Kh3 Ra2+ 45. Rxf1 Rxa6
46. e4 Kf6 47. Rb1 h5 48. Rb3 0-1